000166541 001__ 166541
000166541 005__ 20260121131128.0
000166541 037__ $$aTAZ-TFG-2025-3803
000166541 041__ $$aspa
000166541 1001_ $$aCeamanos López, Andrea
000166541 24200 $$aWitchcraft in the Middle Ages and its impact on women: the creation of a stereotype
000166541 24500 $$aLa Brujería en la Edad Media y su repercusión sobre las mujeres: la construcción de un estereotipo
000166541 260__ $$aZaragoza$$bUniversidad de Zaragoza$$c2025
000166541 506__ $$aby-nc-sa$$bCreative Commons$$c3.0$$uhttp://creativecommons.org/licenses/by-nc-sa/3.0/
000166541 520__ $$aLa brujería es un concepto intertemporal conocido por todas las civilizaciones existentes y la sociedad medieval no es una excepción. Pero el significado de la brujería en la Edad Media se ve impregnado por un fuerte componente negativo hacia la magia que desata la locura colectiva hacia las brujas y su persecución sistemática. Como resultado de la intromisión del elemento diabólico, son mayoritariamente mujeres las que pagan las consecuencias de este desgarrador episodio de la historia. Así las cosas, viajando en el tiempo hasta la Europa Occidental Medieval de los siglos XIII al XV, este estudio plantea algunas cuestiones acerca de este vínculo tan estrecho entre la brujería y las mujeres que a nadie resulta desconocido. <br /><br />
000166541 521__ $$aGraduado en Historia
000166541 540__ $$aDerechos regulados por licencia Creative Commons
000166541 691__ $$a5
000166541 692__ $$aContribuye a la integración de las mujeres como sujetos en el relato histórico. 
000166541 700__ $$aNavarro Espinach, Germán$$edir.
000166541 7102_ $$aUniversidad de Zaragoza$$bHistoria$$c
000166541 8560_ $$f844253@celes.unizar.es
000166541 8564_ $$s1473071$$uhttps://zaguan.unizar.es/record/166541/files/TAZ-TFG-2025-3803.pdf$$yMemoria (spa)
000166541 909CO $$ooai:zaguan.unizar.es:166541$$pdriver$$ptrabajos-fin-grado
000166541 950__ $$a
000166541 951__ $$adeposita:2026-01-21
000166541 980__ $$aTAZ$$bTFG$$cFFYL
000166541 999__ $$a20250721161602.CREATION_DATE